000 00213nam a2200097Ia 4500
008 190216s9999||||xx |||||||||||||| ||und||
100 _aSreedhara Menon.A
245 0 _aIndian Economics
260 _bNull
942 _cBK
999 _c9098
_d9098